Modern North American criticism and theory (Record no. 277)

MARC details
000 -LEADER
fixed length control field 00527 a2200193 4500
001 - CONTROL NUMBER
control field 066085
003 - CONTROL NUMBER IDENTIFIER
control field OSt
005 - DATE AND TIME OF LATEST TRANSACTION
control field 20210909154108.0
008 - FIXED-LENGTH DATA ELEMENTS--GENERAL INFORMATION
fixed length control field
020 ## - INTERNATIONAL STANDARD BOOK NUMBER
International Standard Book Number 9780748624515
082 ## - DEWEY DECIMAL CLASSIFICATION NUMBER
Classification number 801.95097
Item number M72M
245 1# - TITLE STATEMENT
Title Modern North American criticism and theory
Statement of responsibility, etc edited by Jullian Wolfreys
260 ## - PUBLICATION, DISTRIBUTION, ETC. (IMPRINT)
Place of publication, distribution, etc Edinburgh
Name of publisher, distributor, etc Edinburgh University Press
Date of publication, distribution, etc 2006
300 ## - PHYSICAL DESCRIPTION
Extent 236p.
630 ## - SUBJECT ADDED ENTRY--UNIFORM TITLE
Uniform title English
690 ## - LOCAL SUBJECT ADDED ENTRY--TOPICAL TERM (OCLC, RLIN)
Topical term or geographic name as entry element North America; Criticism
700 ## - ADDED ENTRY--PERSONAL NAME
Relator term Wolfreys, Jullian, ed.
942 ## - ADDED ENTRY ELEMENTS (KOHA)
Source of classification or shelving scheme Dewey Decimal Classification
Koha item type Books
Holdings
Withdrawn status Lost status Source of classification or shelving scheme Damaged status Not for loan Collection code Home library Current library Date acquired Source of acquisition Cost, normal purchase price Full call number Barcode Date last seen Price effective from Koha item type
    Dewey Decimal Classification     General Text Book Central University Of Rajasthan Central University Of Rajasthan 07/03/2012 ENG 1450.00 801.95097 M72M 371 21/11/2024 02/09/2020 Books